The Oxford Dictionary of English, (Record no. 86032)
[ view plain ]
| 000 -LEADER | |
|---|---|
| fixed length control field | 00673nam a22002177a 4500 |
| 001 - CONTROL NUMBER | |
| control field | 86032 |
| 003 - CONTROL NUMBER IDENTIFIER | |
| rucl marc code | BD-RjUL |
| 005 - DATE AND TIME OF LATEST TRANSACTION | |
| control field | 20251204095541.0 |
| 008 - FIXED-LENGTH DATA ELEMENTS--GENERAL INFORMATION | |
| fixed length control field | 251204s1964 us ||||| i||| 00| 0 eng d |
| 035 ## - SYSTEM CONTROL NUMBER | |
| System control number | (BD-RjUL)86032 |
| 040 ## - CATALOGING SOURCE | |
| Original cataloging agency | BD-RjUL |
| Language of cataloging | eng |
| Transcribing agency | BD-RjUL |
| Modifying agency | DLC |
| Description conventions | DLC |
| 041 ## - LANGUAGE CODE | |
| Language code of text/sound track or separate title | eng |
| 082 ## - DEWEY DECIMAL CLASSIFICATION NUMBER | |
| Edition number | 23 |
| Classification number | 423 |
| Author mark and year | FOC 1964 |
| 245 ## - TITLE STATEMENT | |
| Title | The Oxford Dictionary of English, |
| Statement of responsibility, etc. | Edited by H. W. Fowler and F. G. Fowler, |
| 260 ## - PUBLICATION, DISTRIBUTION, ETC. (IMPRINT) | |
| Place of publication, distribution, etc. | London |
| Name of publisher, distributor, etc. | Oxford at the Clarendon Press |
| Date of publication, distribution, etc. | 1964 |
| 300 ## - PHYSICAL DESCRIPTION | |
| Pagination | 1532 page, |
| Size | 10 cm. |
| 505 ## - FORMATTED CONTENTS NOTE | |
| Formatted contents note | Formatted note, |
| 650 ## - SUBJECT ADDED ENTRY--TOPICAL TERM | |
| Topical term or geographic name as entry element | Oxford Dictionary |
| Form subdivision | English, |
| 9 (RLIN) | 17470 |
| 700 ## - ADDED ENTRY--PERSONAL NAME | |
| Personal name | Fowler, F. G. Fowler H. W. and Edited by |
| 942 ## - ADDED ENTRY ELEMENTS (KOHA) | |
| Source of classification or shelving scheme | Dewey Decimal Classification |
| Koha item type | Books |
| Lost status | Source of classification or shelving scheme | Damaged status | Not for loan | Permanent Location | Current Location | Shelving location | Date acquired | Source of acquisition | Total Checkouts | Full call number | Date last seen | Copy number | Koha item type |
|---|---|---|---|---|---|---|---|---|---|---|---|---|---|
| Dewey Decimal Classification | Not For Loan | Central Library, University of Rajshahi | Central Library, University of Rajshahi | Reference | 04/12/2025 | Dictionary | R 423 FOC 1964 | 04/12/2025 | C-10 | Books | |||
| Dewey Decimal Classification | Not For Loan | Central Library, University of Rajshahi | Central Library, University of Rajshahi | Reference | 04/12/2025 | Dictionary | R 423 FOC 1964 | 04/12/2025 | C-9 | Books | |||
| Dewey Decimal Classification | Not For Loan | Central Library, University of Rajshahi | Central Library, University of Rajshahi | Reference | 04/12/2025 | Dictionary | R 423 FOC 1964 | 04/12/2025 | C-20 | Books | |||
| Dewey Decimal Classification | Not For Loan | Central Library, University of Rajshahi | Central Library, University of Rajshahi | Reference | 04/12/2025 | Dictionary | R 423 FOC 1964 | 04/12/2025 | C-20 | Books | |||
| Dewey Decimal Classification | Not For Loan | Central Library, University of Rajshahi | Central Library, University of Rajshahi | Reference | 04/12/2025 | Dictionary | R 423 FOC 1964 | 04/12/2025 | C-8 | Books | |||
| Dewey Decimal Classification | Not For Loan | Central Library, University of Rajshahi | Central Library, University of Rajshahi | Reference | 04/12/2025 | Dictionary | R 423 FOC 1964 | 04/12/2025 | C-16 | Books | |||
| Dewey Decimal Classification | Not For Loan | Central Library, University of Rajshahi | Central Library, University of Rajshahi | Reference | 04/12/2025 | Dictionary | R 423 FOC 1964 | 04/12/2025 | C-15 | Books |